| 000 | 00866nam a2200265 a 4500 | ||
|---|---|---|---|
| 001 | 24967 | ||
| 003 | CO-ViMGA | ||
| 008 | 141112s2004 ck r 000 u spa d | ||
| 020 | _a9789588654386 | ||
| 040 |
_aCO-ViMGA _bspa _cCO-ViMGA |
||
| 041 | _aSPA | ||
| 090 | _aA SLE1 | ||
| 100 | 1 |
_aSlegers, Liesbest, 1975 - _937695 |
|
| 245 | 1 | 0 |
_aLaura y la tripita de mamá / _ctexto e ilustración Liesbet Slegers ; traducción Miriam Lozano |
| 250 | _a6a ed. | ||
| 260 |
_aBogotá : _bEdelvives, _c2012 |
||
| 300 | _a24p. : il. col. | ||
| 500 | _aTitulo original de la obra : Kaatje en mama's buik | ||
| 650 | 1 | 4 |
_aDESDE LOS 3 AÑOS _937696 |
| 650 | 1 | 4 |
_aINFANCIA - LIBROS DE IMAGENES _937697 |
| 650 | 1 | 4 |
_aNACIMIENTO DE UN HERMANO - LIBROS DE IMAGENES _937698 |
| 700 | 1 |
_aLozano, Miriam _937699 |
|
| 700 | 1 |
_aSlegers, Liesbest, 1975 - _937695 |
|
| 942 |
_2ddc _cBK |
||
| 999 |
_c2550 _d2550 |
||